A report on readership of members of Parliament. (Record no. 81052)

MARC details
000 -LEADER
fixed length control field 00584cam a22002051 4500
001 - CONTROL NUMBER
control field sa 68006001
003 - CONTROL NUMBER IDENTIFIER
control field DLC
005 - DATE AND TIME OF LATEST TRANSACTION
control field 20260227112513.0
008 - FIXED-LENGTH DATA ELEMENTS--GENERAL INFORMATION
fixed length control field 711028q19601968ii 00000 eng
010 ## - LIBRARY OF CONGRESS CONTROL NUMBER
LC control number sa 68006001 //r84
050 0# - LIBRARY OF CONGRESS CALL NUMBER
Classification number PN4771
Item number .I5
110 20 - MAIN ENTRY--CORPORATE NAME
Corporate name or jurisdiction name as entry element Indian Institute of Public Opinion.
245 12 - TITLE STATEMENT
Title A report on readership of members of Parliament.
260 1# - PUBLICATION, DISTRIBUTION, ETC.
Place of publication, distribution, etc. New Delhi,
Date of publication, distribution, etc. [196-?]
300 ## - PHYSICAL DESCRIPTION
Extent 36 p.
Dimensions 29 cm.
500 ## - GENERAL NOTE
General note Cover title.
500 ## - GENERAL NOTE
General note "For restricted circulation to subscribers."
650 #0 - SUBJECT ADDED ENTRY--TOPICAL TERM
Topical term or geographic name entry element Newspaper reading.
610 10 - SUBJECT ADDED ENTRY--CORPORATE NAME
Corporate name or jurisdiction name as entry element India.
Subordinate unit Parliament.

No items available.

Powered by Koha